Statistics for Pokemon with X in their name

Click here to take the quiz!

General Stats

  • This quiz has been taken 1,469 times
  • The average score is 8 of 32

Answer Stats

HintAnswer% Correct
Xerneas
74%
Xatu
62%
Exeggcute
42%
Exeggutor
42%
Jynx
39%
Snorlax
39%
Axew
38%
Onix
36%
Haxorus
35%
Fraxure
32%
Munchlax
30%
Steelix
29%
Luxray
28%
Vulpix
28%
Luxio
27%
Shinx
27%
Braixen
24%
Deoxys
22%
Excadrill
22%
Uxie
22%
Delphox
21%
Dustox
17%
Swirlix
15%
Exploud
14%
Toxicroak
11%
Vanilluxe
7%
Gen I
1%
Gen II
1%
Gen III
1%
Gen IV
1%
Gen V
1%
Gen VI
1%

Score Distribution

Percentile by Number Answered

Percent of People with Each Score

Your Score History

You have not taken this quiz